000 00964nas a2200277 4500
001 BR2014005073
003 BR-BrBNA
005 20231205124353.0
007 ta
008 230509b bl.|||p| |||| 00| 00por d
040 _aBR-BrBNA
_bpor
_cBiblioteca Nacional de Agricultura
041 _a(Pt)
072 _aF30
100 1 _aFarias Neto, J.T. de
100 1 _aClement, C.R.
100 1 _aResende, M.D.V. de
245 1 _aEstimativas de parâmetros genéticos e ganho de seleção para produção de frutos em progênies de polinização aberta de pupunheira no estado do Pará, Brasil
650 _aMELHORAMENTO GENÉTICO VEGETAL
650 _aPUPUNHA
650 _aPARÂMETRO GENÉTICO
650 _aPROGÊNIE
773 0 _tBragantia (Brazil)
_xISSN 1678-4499
_g(Apr-jun 2013), v. 72(2) p. 122-126
_wBR2014005073
856 4 0 _uhttp://www.scielo.br/pdf/brag/v72n2/v72n2a02.pdf
909 _a202311
_bLúcia
_c55
_dLúcia Elande
942 _2AGRIS
_n0
_cANA
999 _c238726
_d238726